Papyri Graecae Wessely Pragenses : (PPrag I) /

محفوظ في:

مؤلفون آخرون: Pintaudi, Rosario, Dostálová, Růžena., Vidman, Ladislav.

التنسيق: كتاب

اللغة: Italian
Ancient Greek

منشور في: Firenze : Gonnelli, 1988.

سلاسل: Payrologica Florentina ; 16.

الموضوعات:

الوسوم: إضافة وسم

لا توجد وسوم, كن أول من يضع وسما على هذه التسجيلة!

رقم الطلب: PA3314 .C95 P21

LEADER 01123nam a22003137a 4500
003 OSt
005 20250929085006.0
008 250929s1988 it cfh b 101 0 ita d
040 |c ARCE Library 
041 0 |a ita  |a grc 
050 1 4 |a PA3314 .C95  |b P21 
245 0 0 |a Papyri Graecae Wessely Pragenses :   |b (PPrag I) /   |c Rosario Pintaudi, Ruzena Dostalova, Ladislav Vidman. 
264 1 |a Firenze :   |b Gonnelli,  |c 1988. 
300 |a 251 pages, 93 pages of plates :  |b portraits, facsimiles :  |c 31 cm. 
490 1 |a Payrologica Florentina ;   |v 16. 
500 |a Dedicated to Carl Wessely and Ladislav Varcl. 
500 |a Manuscripts in the Statní Knihova ČSR. 
504 |a Includes bibliographic references and indexes. 
546 |a Italian and Greek. 
610 2 0 |a Státní knihovna ČSR. 
650 0 |a Manuscripts, Greek (Papyri) 
650 0 |a Manuscripts, Greek   |z Czech Republic   |z Prague. 
700 1 |a Pintaudi, Rosario,   |9 37670 
700 1 |a Dostálová, Růžena.  |9 29171 
700 1 |a Vidman, Ladislav.  |9 41673 
830 0 |a Payrologica Florentina ;   |v 16. 
901 |a reviewed 
942 |c BK  |2 lcc 
999 |c 22289  |d 22289